Statistics for Stardew Valley Forageables

Click here to take the quiz!

General Stats

  • This quiz has been taken 193 times
  • The average score is 23 of 39

Answer Stats

Answer% Correct
Leek
90%
Salmonberry
85%
Coconut
84%
Blackberry
82%
Cactus Fruit
80%
Dandelion
80%
Clam
78%
Purple Mushroom
77%
Red Mushroom
76%
Coral
74%
Spring Onion
72%
Winter Root
72%
Daffodil
71%
Common Mushroom
69%
Grape
68%
Mussel
67%
Rainbow Shell
64%
Snow Yam
63%
Crocus
62%
Hazelnut
61%
Morel
61%
Ginger
59%
Sea Urchin
57%
Holly
55%
Oyster
55%
Sweet Pea
55%
Wild Horseradish
54%
Crystal Fruit
52%
Fiddlehead Fern
49%
Chanterelle
48%
Cave Carrot
44%
Spice Berry
44%
Cockle
41%
Wild Plum
40%
Nautilus Shell
36%
Seaweed
36%
Magma Cap
17%
Sap
17%
Dinosaur Egg
11%

Score Distribution

Percentile by Number Answered

Percent of People with Each Score

Your Score History

You have not taken this quiz